000
00344 a2200169 4500
001
184275
020
_a
85-322-3905-6
040
_c
Magnum
100
_a
Porto, Cristina
240
1
0
_a
Leo marinho
_l
por
245
1
0
_a
Leo marinho
300
_a
24
362
0
_a
1998
440
1
_a
FTD
697
_a
LITERATURA INFANTO-JUVENIL
942
_c
BK
999
_c
184275
_d
184275